| 000 | 00347nam a2200145Ia 4500 | ||
|---|---|---|---|
| 005 | 20251222141837.0 | ||
| 008 | 251222s9999||||xx |||||||||||||| ||spa|| | ||
| 020 | _a9972463877 | ||
| 082 | _a027.085/P77 | ||
| 100 | _aPonce Sanramón, Alejandro | ||
| 245 | 0 | _aBiblioteca después del Sismo: | |
| 250 | _a1ra. ed. | ||
| 264 | _bUNMSM | ||
| 942 | _cLIB | ||
| 999 |
_c7309 _d7309 |
||